| 000 | 00521cam a2200217ua 4500 | ||
|---|---|---|---|
| 020 | _c75.00 | ||
| 041 |
_aeng _h |
||
| 082 |
_a630 _bSRI/PL |
||
| 100 | _aSrivastava, P K . | ||
| 245 |
_aPlastics in agriculture / _cP K Srivastava. _hTextual Documents |
||
| 250 |
_a1 / _b. |
||
| 260 |
_aNew Delhi : _bJain Brothers , _c1988. |
||
| 300 | _a211 ; . | ||
| 365 | _a75.00 | ||
| 504 | _a | ||
| 700 | 1 | _aAlam, A . | |
| 700 | 1 | _aMaheswari , R C . | |
| 700 | 1 | _aOjha, T.P. | |
| 942 | _cBK | ||
| 999 |
_c7351 _d7351 |
||